Statistics for 15th Century A-Z

Click here to take the quiz!

General Stats

  • This quiz has been taken 13,166 times
  • The average score is 18 of 26

Answer Stats

LetterYearHintAnswer% Correct
J1431This French heroine, age 19, is burned at the stake by English forcesJoan of Arc
93%
L1490sThis artist paints his famous fresco "The Last Supper"Leonardo
92%
O1453This empire captures Constantinople, ending the Byzantine EmpireOttoman Empire
92%
K1400sMany rulers in Central Asia use this Mongol titleKhan
91%
I1498Vasco da Gama sails from Portugal to this countryIndia
88%
P1439Johannes Gutenberg invents thisPrinting Press
87%
V1400sThis Wallachian prince gains his nickname by impaling his enemiesVlad the Impaler
87%
B1492Christopher Columbus makes landfall in this North American countryBahamas
86%
F1406-20One million workers are employed to build this palace in Beijing{Forbidden} City
86%
T1485This royal dynasty comes to power in EnglandTudor
85%
M1450sThis famous Incan site is constructedMachu Picchu
84%
C1402Spain settles these islands off the coast of AfricaCanary Islands
83%
Y1400sCoffee is consumed for the first time - in this modern-day countryYemen
82%
R1485This "hunchbacked" English king is killed at the Battle of Bosworth FieldRichard III
81%
W1419The first "defenestration" of Prague occurs as seven
council members are thrown out a ...
Window
73%
N1421The capital of China is relocated from this city to BeijingNanjing
72%
H1400sThis predecessor to the piano is inventedHarpsichord
63%
G1492This last Islamic city in Spain is capturedGranada
62%
A1415Henry V wins this famous battle over the FrenchAgincourt
59%
X1400sThis Chinese city marks the Eastern terminus of the Silk RoadXi'an
59%
Q1400sThis crop is known as "the mother of all grains" to the IncasQuinoa
55%
D1430This artist's "David" is the first known nude statue produced in
Europe since antiquity
Donatello
50%
S1400sGolf is played for the first time at the "Old Course" in this Scottish townSt. Andrews
39%
E1403-08China's Yongle emperor commissions this type of text - meant to summarize
the entirety of Chinese literature and knowledge
Encyclopedia
34%
U1405A church in this German city is consecrated. When completed in 1890
it would be the tallest building in the world
Ulm
28%
Z1405-33This Chinese eunuch leads a fleet of 300 ships on seven
voyages across the Indian Ocean
{Zheng} He
24%

Score Distribution

Percentile by Number Answered

Percent of People with Each Score

Your Score History

You have not taken this quiz